| 000 | 00577nam a2200193Ia 4500 | ||
|---|---|---|---|
| 003 | IN-BaIIA | ||
| 008 | 211028s9999 xx 000 0 eng d | ||
| 040 | _cIIA Library | ||
| 080 |
_a530.145 _bFRE |
||
| 100 | _aFrenkel, J. | ||
| 245 | 0 |
_aWave mechanics _badvanced general theory _cJ. Frenkel |
|
| 260 |
_aNew York _bDover Publications _c1950 |
||
| 300 | _a524p. | ||
| 500 | _aDonated by Mrs. Bappu | ||
| 650 | _aAstronomy and Astrophysics Thesaurus | ||
| 650 | _aMechanics | ||
| 650 |
_aWave Mechanics _91560 |
||
| 942 | _cBK | ||
| 999 |
_c7446 _d7446 |
||